Clickable Harry Potter Chapters Finnish #4 (GoF) Quiz Stats

 Plays Quiz not verified by Sporcle

Score 0/37 Timer 15:00
0 Plays Today
% Correct
Weasleyn Welhowitsit
95.1%
Bagman ja Kyyry
92.7%
Beauxbatons ja Durmstrang
87.8%
Rita Luodikon jymyjuttu
80.5%
Porttiavain
78%
Mylläkkä ministeriössä
78%
Kultamuna ja taikasilmä
75.6%
Liha, veri ja luu
75.6%
Huispauksen maailmanmestaruusottelu
73.2%
Kyyryn hulluus
73.2%
Kotikolossa taas
70.7%
Villisilmä Vauhkomieli
70.7%
Kolmas koetus
70.7%
Valedron talo
68.3%
Arpi
68.3%
Kutsu
68.3%
Odottamaton koetus
68.3%
Toinen koetus
68.3%
Kolmivelhoturnajaiset
65.9%
% Correct
Anturajalan paluu
65.9%
Tylypahkan pikajunassa
63.4%
Ensimmäinen koetus
63.4%
Uni
63.4%
Pimeän piirto
61%
Anteeksiantamattomat kiroukset
61%
Unkarilainen sarvipyrstö
61%
Joulutanssiaiset
61%
Ajatusseula
61%
Kuolonsyöjät
61%
Totuusseerumi
61%
Neljä ottelijaa
58.5%
Taikasauvojen punnitus
58.5%
Kotitonttujen vapautusrintama
58.5%
Alku
58.5%
Liekehtivä pikari
56.1%
Tiet erkanevat
53.7%
Varhennum loitsuimes
48.8%

You're not logged in!

Compare scores with friends on all Sporcle quizzes.
OR
Log In

Show Comments

Extras

Top Quizzes Today


Score Distribution

Your Account Isn't Verified!

In order to create a playlist on Sporcle, you need to verify the email address you used during registration. Go to your Sporcle Settings to finish the process.

Report this User

Report this user for behavior that violates our Community Guidelines.

Details: